[Event "Vojvodina-chT2"]
[Site "Vrbas"]
[Date "2011.09.27"]
[Round "4"]
[White "Remecki, Sinisa"]
[Black "Bucan, Vladimir"]
[Result "0-1"]
[WhiteElo "2229"]
[BlackElo "2104"]
[PlyCount "60"]
[EventDate "2011.09.25"]
[EventType "team-tourn"]
[EventRounds "11"]
[EventCountry "SRB"]
[SourceTitle "CBM 144 Extra"]
[Source "ChessBase"]
[SourceDate "2011.10.28"]
[SourceVersion "1"]
[SourceVersionDate "2011.10.28"]
[SourceQuality "1"]

1. e4 e5 2. Nf3 d5 3. d4 dxe4 4. Nxe5 Bd6 5. Nc4 Nf6 6. Nxd6+ Qxd6 7. Be2 Nc6 8. c3 0-0 9. 0-0 Bd7 10. Na3 a6 11. Nc4 Qe6 12. Ne3 Nd5 13. Bg4 Qd6 14. Nxd5 Qxd5 15. Bf4 Bxg4 16. Qxg4 f5 17. Qg3 Rf6 18. Bxc7 Rg6 19. Qf4 Re8 20. Qe3 Qf7 21. Bf4 Ne7 22. Qe2 Nd5 23. Be5 f4 24. Qxe4 f3 25. g3 Rf8 26. c4 Nb6 27. b3 Qd7 28. Bf4 Qg4 29. Kh1 Rh6 30. Rae1 Qh3 0-1

[Event "Vojvodina-chT 2nd League"]
[Site "Sombor"]
[Date "2010.10.15"]
[Round "7"]
[White "Bucan, Vladimir"]
[Black "Vajdic, Nikola"]
[Result "1-0"]
[WhiteElo "2105"]
[BlackElo "2301"]
[PlyCount "53"]
[EventDate "2010.10.10"]
[EventType "team-tourn"]
[EventRounds "9"]
[EventCountry "YUG"]
[SourceTitle "CBM 138 Extra"]
[Source "ChessBase"]
[SourceDate "2010.10.29"]
[SourceVersion "1"]
[SourceVersionDate "2010.10.29"]
[SourceQuality "1"]

1. d4 Nf6 2. Nf3 g6 3. e3 Bg7 4. b3 0-0 5. Bb2 d6 6. Nbd2 Nbd7 7. Be2 Re8 8. 0-0 c6 9. e4 Qc7 10. Re1 c5 11. Bc4 Nb6 12. e5 Nxc4 13. Nxc4 dxe5 14. dxe5 Rd8 15. exf6 Rxd1 16. Raxd1 Bf8 17. Be5 Qc6 18. Rd8 exf6 19. Bd6 b5 20. Rxf8+ Kg7 21. Ree8 Bb7 22. Rg8+ Kh6 23. Bf8+ Kh5 24. Rxa8 bxc4 25. h3 f5 26. g4+ fxg4 27. hxg4+ 1-0

[Event "Vojvodina-chT 2nd League"]
[Site "Sombor"]
[Date "2010.10.13"]
[Round "5"]
[White "Bucan, Vladimir"]
[Black "Sekulic, Dusan"]
[Result "1/2-1/2"]
[WhiteElo "2105"]
[BlackElo "2301"]
[PlyCount "55"]
[EventDate "2010.10.10"]
[EventType "team-tourn"]
[EventRounds "9"]
[EventCountry "YUG"]
[SourceTitle "CBM 138 Extra"]
[Source "ChessBase"]
[SourceDate "2010.10.29"]
[SourceVersion "1"]
[SourceVersionDate "2010.10.29"]
[SourceQuality "1"]

1. d4 Nf6 2. Nf3 c5 3. e3 e6 4. Bd3 a6 5. 0-0 d5 6. c3 Nbd7 7. Nbd2 Bd6 8. e4 cxd4 9. cxd4 dxe4 10. Nxe4 Nxe4 11. Bxe4 Nf6 12. Bg5 h6 13. Bxf6 Qxf6 14. Qb3 0-0 15. Rfe1 a5 16. a3 a4 17. Qc3 Qd8 18. Ne5 Bc7 19. Red1 Ra5 20. Rac1 Bb8 21. Qb4 Ra6 22. g3 Rb6 23. Rxc8 Rxb4 24. Rxd8 Rxd8 25. axb4 Bxe5 26. Bxb7 Bxd4 27. Kf1 e5 28. Bc6 1/2-1/2